|
|
|
|
| LEADER |
00000cam a2200000 a 4500 |
| 001 |
vtls001400935 |
| 003 |
SK-MaSNL |
| 005 |
20260301201933.0 |
| 008 |
240318s2000 xo a r 000 0 slo |
| 015 |
|
|
|a SNBA2001/02-00364
|
| 020 |
|
|
|a 8071652466
|
| 035 |
|
|
|a SNK000355424
|
| 035 |
|
|
|a urn:nbn:sk:snk-amyeoa
|
| 035 |
|
|
|a urn:nbn:sk:snk-am00cean
|
| 035 |
|
|
|a C79C03D4-E6E8-4CF5-BFA4-D33BF8C23D7F
|
| 040 |
|
|
|a SNK
|b slo
|c SNK
|e AACR2
|
| 041 |
0 |
|
|a slo
|
| 044 |
|
|
|a xo
|c SK
|
| 080 |
|
|
|a 615
|2 1981
|
| 100 |
1 |
|
|a Mojžiš, Ján,
|d 1955-
|4 aut
|9 180293
|
| 245 |
1 |
0 |
|a Základy farmakológie
|c Ján Mojžiš, Anton Kohút, Ladislav Mirossay
|
| 260 |
|
|
|a Prešov
|b Michal Vaško
|c 2000
|
| 300 |
|
|
|a 148 s.
|b sch., tab.
|c 29 cm
|
| 504 |
|
|
|a Bibliogr. s. 144. Reg.
|
| 650 |
0 |
7 |
|a farmakológia
|2 SNK
|9 2468
|
| 655 |
|
7 |
|a príručky
|2 SNK
|9 74364
|
| 655 |
|
7 |
|a monografie
|2 SNKPH
|9 70139
|
| 700 |
1 |
|
|a Kohút, Anton,
|d 1940-2011
|4 aut
|9 39683
|
| 700 |
1 |
|
|a Mirossay, Ladislav,
|d 1955-
|4 aut
|9 8366
|
| 919 |
|
|
|a 80-7165-246-6
|
| 958 |
|
|
|a NB
|
| 958 |
|
|
|a MI
|
| 999 |
|
|
|c 896901
|d 898831
|
| 952 |
|
|
|t P60, <03>, [BOOK], {603}
|a SNK
|b SNK
|y PREZ
|7 0
|p 17A0260062
|o snkSB 62573
|i snkKSP 12208/2000
|0 0
|1 0
|4 0
|d 2000-11-21
|f 1
|l 0
|r 2025-04-11 00:00:00
|w 2026-02-24
|
| 952 |
|
|
|t snkMOJ 615
|a SNKUST
|b SNKUST
|y PREZ
|7 0
|p 17A0260063
|o snkSB 62573 D1
|i snkKSP 12209/2000
|0 0
|1 0
|4 0
|d 2000-11-21
|l 0
|r 2025-04-28 00:00:00
|w 2026-02-24
|